[Event "FSV-ch 2015"]
[Site "Dortmund"]
[Date "2015.05.07"]
[Round "6.3"]
[White "Jost, Udo"]
[Black "Melmer, Felix"]
[Result "1/2-1/2"]
[WhiteElo "1904"]
[BlackElo "1903"]
[PlyCount "91"]
[EventDate "2015.??.??"]
[WhiteTeam "FSV"]
[BlackTeam "61117"]

1. c4 g6 2. d4 f5 3. Nf3 Nf6 4. Nc3 Bg7 5. Bf4 d6 6. Qc2 O-O 7. Rd1 Qe8 8. d5
Na6 9. e3 e5 10. dxe6 Bxe6 11. Nd4 Bd7 12. Be2 h6 13. h4 Ne4 14. Bf3 Nxc3 15.
bxc3 Nc5 16. Rd2 Rb8 17. Nb5 Bxb5 18. cxb5 Qxb5 19. c4 Qa5 20. O-O b5 21. Bd5+
Kh8 22. Rd4 Qa4 23. Qd2 b4 24. Bf3 b3 25. axb3 Qxb3 26. Qa5 Qb6 27. Qa2 a5 28.
Rfd1 a4 29. Qe2 Kh7 30. Rd5 Qb3 31. Rxc5 dxc5 32. Rd7 Rbd8 33. Rxc7 Kh8 34.
Rxc5 a3 35. Rb5 Qc3 36. Bd5 Rd7 37. Qa2 Ra7 38. c5 Qa1+ 39. Kh2 Qxa2 40. Bxa2
Rc8 41. c6 g5 42. hxg5 hxg5 43. Bxg5 Rxc6 44. e4 fxe4 45. Be3 Raa6 46. Rh5+
1/2-1/2

[Event "FSV-ch 2015"]
[Site "Dortmund"]
[Date "2015.05.07"]
[Round "6.4"]
[White "Hillebrand, Carsten"]
[Black "Bommert, Christian"]
[Result "1/2-1/2"]
[WhiteElo "1858"]
[BlackElo "1746"]
[Annotator "Schulenburg,Pit"]
[PlyCount "56"]
[EventDate "2015.??.??"]
[WhiteTeam "FSV"]
[BlackTeam "FSV"]

1. c4 f5 2. g3 Nf6 3. Bg2 g6 4. Nc3 Bg7 5. d3 d6 6. e4 fxe4 7. dxe4 O-O 8. Nge2
c5 9. O-O Nc6 10. f4 Be6 11. Nd5 Qd7 12. Qd3 Bh3 13. Nec3 Bxg2 14. Kxg2 Nd4 15.
Bd2 e6 16. Ne3 a6 17. Nc2 Nxc2 18. Qxc2 b5 19. Nd1 Qb7 20. Nf2 b4 21. Rae1 Nd7
22. Bc1 Bd4 23. h3 Nb8 24. Ng4 Nc6 25. Nh2 a5 26. Nf3 Bg7 27. Kh2 a4 28. Qd3
Qc7 {(=)} 1/2-1/2

[Event "FSV-ch 2015"]
[Site "Dortmund"]
[Date "2015.05.07"]
[Round "6.5"]
[White "Mokros, Jürgen"]
[Black "Rauschenbusch, Udo"]
[Result "1-0"]
[WhiteElo "1565"]
[BlackElo "1646"]
[PlyCount "59"]
[EventDate "2015.??.??"]
[WhiteTeam "FSV"]
[BlackTeam "FSV"]

1. d4 e5 2. dxe5 Nc6 3. Nf3 Qe7 4. Qd5 f6 5. exf6 Nxf6 6. Qd1 d5 7. c3 Bd7 8.
Nbd2 O-O-O 9. e3 Bg4 10. Be2 Qe8 11. O-O Bd6 12. h3 h5 13. Nh4 Bd7 14. Nhf3 h4
15. a4 g5 16. Nxg5 Rg8 17. Ndf3 Ne5 18. Nxe5 Bxh3 19. Nxh3 Qxe5 20. f4 Qf5 21.
Kh1 Ne4 22. Kh2 Rg3 23. Bf3 Rdg8 24. Qc2 Rxh3+ 25. gxh3 Rg3 26. Bg4 Rxg4 27.
hxg4 Qxg4 28. Qg2 Ng3 29. Rf3 b6 30. Bd2 1-0

[Event "FSV-ch 2015"]
[Site "Dortmund"]
[Date "2015.05.07"]
[Round "6.6"]
[White "Lauche, Christoph"]
[Black "Jentzsch, Werner W"]
[Result "1-0"]
[WhiteElo "1913"]
[BlackElo "1323"]
[PlyCount "45"]
[EventDate "2015.??.??"]
[WhiteTeam "FSV"]
[BlackTeam "BRK"]

1. e4 c5 2. b4 cxb4 3. a3 e5 4. Nf3 Nc6 5. Bc4 h6 6. O-O Nf6 7. axb4 Bxb4 8. c3
Be7 9. d4 Nxe4 10. dxe5 O-O 11. Qd5 Ng5 12. Nxg5 Bxg5 13. f4 Qb6+ 14. Kh1 Be7
15. Qe4 d5 16. Bxd5 Be6 17. Bxe6 fxe6 18. Nd2 Rad8 19. Qg6 Nxe5 20. fxe5 Rxf1+
21. Nxf1 Rd1 22. Bxh6 Rxa1 23. Qxg7# 1-0

[Event "FSV-ch 2015"]
[Site "Dortmund"]
[Date "2015.05.07"]
[Round "6.7"]
[White "Dieckmann, Rudolf"]
[Black "Boeck, Matthias"]
[Result "0-1"]
[WhiteElo "1648"]
[BlackElo "1671"]
[PlyCount "76"]
[EventDate "2015.??.??"]
[WhiteTeam "FSV"]
[BlackTeam "FSV"]

1. d4 f5 2. c4 Nf6 3. Nc3 g6 4. g3 Bg7 5. Bg2 O-O 6. e3 d6 7. Nge2 Qe8 8. O-O
e5 9. dxe5 dxe5 10. Qb3 c6 11. Rd1 g5 12. e4 f4 13. f3 Na6 14. a3 Qh5 15. gxf4
gxf4 16. Bxf4 exf4 17. Nxf4 Qe5 18. Nce2 Nc5 19. Qc2 Qg5 20. b4 Ncxe4 21. fxe4
Ng4 22. h3 Ne3 23. Qd2 Bxa1 24. Qxe3 Be5 25. Rf1 Bxh3 26. Qxh3 Bxf4 27. Qe6+
Kh8 28. Nxf4 Rxf4 29. Rxf4 Qxf4 30. e5 Rg8 31. Qf6+ Qxf6 32. exf6 Rf8 33. b5
Rxf6 34. bxc6 bxc6 35. c5 Rg6 36. Kf2 Rxg2+ 37. Kxg2 Kg7 38. Kf3 Kf6 0-1

[Event "FSV-ch 2015"]
[Site "Dortmund"]
[Date "2015.05.07"]
[Round "6.8"]
[White "Zhang, Jingfu"]
[Black "Reinacher, Detlev"]
[Result "1-0"]
[WhiteElo "1594"]
[BlackElo "1503"]
[PlyCount "105"]
[EventDate "2015.??.??"]
[WhiteTeam "HNS"]
[BlackTeam "HNS"]

1. e4 d6 2. d4 g6 3. Nc3 Bg7 4. Be3 Nf6 5. h3 O-O 6. Nf3 c6 7. Be2 Qc7 8. O-O
Nbd7 9. Re1 e5 10. Qd2 a6 11. a4 exd4 12. Nxd4 Re8 13. f3 b6 14. Rad1 Bb7 15.
Bf4 Ne5 16. Bh2 Rad8 17. f4 Ned7 18. Bf3 Bh6 19. g4 Bg7 20. g5 Nh5 21. Bxh5
gxh5 22. Nf5 d5 23. e5 Bf8 24. Qe2 Nc5 25. Nh6+ Bxh6 26. gxh6 Kh8 27. Qxh5 d4
28. Ne2 d3 29. cxd3 Nxd3 30. Rxd3 Rxd3 31. Qf5 Rg8+ 32. Kf2 Qd8 33. Qxf7 Rxh3
34. Bg3 Bc8 35. e6 Rxh6 36. f5 Rxg3 37. Nxg3 Qd4+ 38. Kf3 Qd3+ 39. Re3 Qd1+ 40.
Ne2 Qh1+ 41. Kf4 Qh2+ 42. Ng3 Qf2+ 43. Kg4 Bxe6 44. Qf8+ Bg8 45. Qxh6 Qxb2 46.
f6 Qd4+ 47. Kh3 Qd7+ 48. Kh2 Qd2+ 49. Ne2 Qd6+ 50. Rg3 Qc7 51. Nf4 Bc4 52. Ng6+
Kg8 53. Qf8# 1-0

[Event "FSV-ch 2015"]
[Site "Dortmund"]
[Date "2015.05.07"]
[Round "6.9"]
[White "Benke, Werner"]
[Black "Schütz, Ralf"]
[Result "1/2-1/2"]
[WhiteElo "1405"]
[BlackElo "1733"]
[PlyCount "82"]
[EventDate "2015.??.??"]
[WhiteTeam "HNS"]
[BlackTeam "61515"]

1. d4 Nf6 2. Nf3 e6 3. Bg5 d5 4. Nbd2 Be7 5. e3 O-O 6. Be2 Nfd7 7. Bf4 c5 8. c3
Nc6 9. O-O f5 10. h3 b6 11. Bd3 Nf6 12. Rc1 Bb7 13. Ne5 Qe8 14. Ndf3 a6 15. c4
Nb4 16. Bb1 Nd7 17. a3 Nxe5 18. Bxe5 Nc6 19. cxd5 Nxe5 20. Nxe5 Bxd5 21. Nf3 c4
22. a4 b5 23. Ne5 Bd6 24. f4 Bxe5 25. fxe5 b4 26. Qe2 Qxa4 27. e4 fxe4 28. Bxe4
Bxe4 29. Qxe4 Qb5 30. Qe2 Rad8 31. Rxf8+ Rxf8 32. Qxc4 Qxc4 33. Rxc4 a5 34. Rc6
Rd8 35. Rc4 Kf7 36. Kf2 Kg6 37. Ke3 Rb8 38. Rc6 Kf7 39. Ra6 Rb5 40. Kd3 h5 41.
h4 Rd5 1/2-1/2

[Event "FSV-ch 2015"]
[Site "Dortmund"]
[Date "2015.05.07"]
[Round "6.11"]
[White "Vogt, Christian"]
[Black "Maffei, Hendrik"]
[Result "1-0"]
[WhiteElo "1471"]
[BlackElo "1247"]
[PlyCount "75"]
[EventDate "2015.??.??"]
[WhiteTeam "HNS"]
[BlackTeam "FSV"]

1. d4 e6 2. c4 c5 3. Nf3 Nf6 4. Nc3 d5 5. e3 Nc6 6. Bd3 b6 7. O-O Bb7 8. cxd5
Nxd5 9. e4 Ndb4 10. Bb5 a6 11. Bxc6+ Nxc6 12. d5 Nd4 13. Nxd4 cxd4 14. Qxd4 f6
15. Rd1 Bc5 16. Qc4 Qc8 17. Qa4+ Kf7 18. Qb3 Re8 19. Bf4 g5 20. Bg3 h5 21. h3
h4 22. Bh2 e5 23. Rac1 g4 24. hxg4 Qxg4 25. Na4 h3 26. Qxh3 Qxh3 27. gxh3 Rg8+
28. Bg3 Rac8 29. Nxc5 bxc5 30. Kh2 Rb8 31. Rxc5 Bc8 32. Rc7+ Ke8 33. b3 Rh8 34.
h4 Rg8 35. Rdc1 Bd7 36. Ra7 Bc8 37. Rc6 Bb7 38. Rxf6 1-0

[Event "FSV-ch 2015"]
[Site "Dortmund"]
[Date "2015.05.07"]
[Round "6.12"]
[White "Tautz, Eugen"]
[Black "Schlettig, Achim"]
[Result "1-0"]
[WhiteElo "1415"]
[BlackElo "1202"]
[PlyCount "75"]
[EventDate "2015.??.??"]
[WhiteTeam "FSV"]
[BlackTeam "FSV"]

1. c4 e5 2. Nc3 Nf6 3. Nf3 Nc6 4. e3 Be7 5. d4 d6 6. Qa4 Bd7 7. Qb3 Rb8 8. Be2
O-O 9. O-O b6 10. Bd2 Na5 11. Qc2 exd4 12. exd4 c6 13. Bd3 Qc8 14. Rae1 Re8 15.
b4 Nb7 16. a3 d5 17. Bf4 Bd6 18. Rxe8+ Qxe8 19. Re1 Qc8 20. Bg5 Ne4 21. Nxe4
dxe4 22. Bxe4 g6 23. Bf6 Bf8 24. c5 Be6 25. Be5 Ra8 26. Ng5 Bd5 27. Bxd5 cxd5
28. Qd2 Bh6 29. h4 Nd8 30. Qf4 Bxg5 31. Qxg5 Qe6 32. Kf1 Qc6 33. Bf6 h6 34. Qe5
Ne6 35. Qe3 Nc7 36. Be5 Kh7 37. Qf4 g5 38. Qxf7# 1-0

[Event "FSV-ch 2015"]
[Site "Dortmund"]
[Date "2015.05.07"]
[Round "6.13"]
[White "Winkler, Harald"]
[Black "Link, Werner"]
[Result "1-0"]
[WhiteElo "1259"]
[BlackElo "1482"]
[PlyCount "79"]
[EventDate "2015.??.??"]
[WhiteTeam "FSV"]
[BlackTeam "FSV"]

1. c4 Nf6 2. g3 c6 3. Bg2 e6 4. Nf3 d5 5. cxd5 cxd5 6. d4 Bd6 7. O-O O-O 8. Bg5
Nbd7 9. a3 Qa5 10. Nc3 b5 11. Bd2 Qb6 12. e3 Bb7 13. b4 a6 14. Rb1 Rac8 15. a4
Ne4 16. Nxe4 dxe4 17. Ng5 Nf6 18. Nh3 Rc4 19. f3 Rfc8 20. Ng5 bxa4 21. Qxa4 Rc2
22. Rfd1 exf3 23. Bxf3 Bxf3 24. Nxf3 Qc6 25. Qxc6 R8xc6 26. b5 axb5 27. Rxb5 h6
28. Rbb1 Ne4 29. Bb4 Nc3 30. Bxc3 R6xc3 31. Re1 Ra2 32. Rbc1 Rcc2 33. Rxc2 Rxc2
34. Kf1 g5 35. Re2 Rc1+ 36. Kg2 Kg7 37. h3 Kf6 38. g4 Bc7 39. Nd2 Rc2 40. Ne4+
1-0

[Event "FSV-ch 2015"]
[Site "Dortmund"]
[Date "2015.05.07"]
[Round "6.15"]
[White "Wickenfeld, Udo"]
[Black "Heinz, Hans-Werner"]
[Result "1/2-1/2"]
[WhiteElo "1393"]
[BlackElo "1193"]
[Annotator "Schulenburg,Pit"]
[PlyCount "52"]
[EventDate "2015.??.??"]
[WhiteTeam "61701"]
[BlackTeam "61722"]

1. d4 d5 2. Nf3 Nc6 3. c4 Nf6 4. cxd5 Qxd5 5. Nc3 Qd7 6. Bf4 a6 7. e4 e6 8. Be2
Bb4 9. Qd3 Bxc3+ 10. bxc3 Ne7 11. O-O h6 12. Ne5 Qa4 13. Bd1 Qb5 14. c4 Qb6 15.
Bb3 c5 16. dxc5 Qxc5 17. Rfd1 O-O 18. Nf3 Ng4 19. Rf1 e5 20. Bc1 Ng6 {(=)} 21.
a4 Re8 22. Ba3 Qc6 23. c5 Be6 24. Bc2 Nf4 25. Qd1 Rad8 26. Qe1 Bc4 {(=)}
1/2-1/2

[Event "FSV-ch 2015"]
[Site "Dortmund"]
[Date "2015.05.07"]
[Round "6.16"]
[White "Böckmann, Lieselotte"]
[Black "Pauli, Helmut"]
[Result "0-1"]
[WhiteElo "1101"]
[BlackElo "1203"]
[PlyCount "108"]
[EventDate "2015.??.??"]
[WhiteTeam "FSV"]
[BlackTeam "FSV"]

1. c4 e5 2. e3 Nc6 3. g3 d6 4. Bg2 Bd7 5. Nc3 Nf6 6. b3 g6 7. Bb2 Bg7 8. Nge2
O-O 9. O-O Qc8 10. f3 Bh3 11. Rf2 Bxg2 12. Rxg2 Re8 13. g4 Nd7 14. a3 Nc5 15.
d3 b6 16. b4 Ne6 17. b5 Ne7 18. Rb1 Qb7 19. Qf1 Ng5 20. e4 Bh6 21. Kh1 Ne6 22.
Nd5 Nxd5 23. cxd5 Bf4 24. Nxf4 Nxf4 25. Rg3 Qc8 26. Qd1 g5 27. Qd2 Qd8 28. d4
f6 29. dxe5 fxe5 30. Rc1 Re7 31. h3 Qe8 32. Kh2 Qxb5 33. Re1 a5 34. Rgg1 Rf8
35. Kg3 Ref7 36. Rgf1 Qd3 37. Bc1 Qxd2 38. Bxd2 h6 39. a4 Nd3 40. Re2 Nc5 41.
h4 Nxa4 42. hxg5 hxg5 43. Bxg5 Rh7 44. Rh2 Rxh2 45. Kxh2 Nc5 46. Bh6 Rf7 47. g5
Nd3 48. Kg3 Nf4 49. Kh2 Kh7 50. Rg1 Kg6 51. Kg3 Re7 52. Kg4 Re8 53. Rc1 Rc8 54.
Bf8 Rxf8 0-1

[Event "FSV-ch 2015"]
[Site "Dortmund"]
[Date "2015.05.21"]
[Round "7.1"]
[White "Zachos, Ingo"]
[Black "Mokros, Jürgen"]
[Result "1/2-1/2"]
[WhiteElo "1887"]
[BlackElo "1555"]
[PlyCount "74"]
[EventDate "2015.??.??"]
[WhiteTeam "EIC"]
[BlackTeam "FSV"]

1. e4 e6 2. d4 d5 3. e5 c5 4. c3 Qb6 5. Nf3 Bd7 6. a3 cxd4 7. cxd4 Bb5 8. Bxb5+
Qxb5 9. Nc3 Qa6 10. Qe2 Qxe2+ 11. Kxe2 Nc6 12. Be3 Nh6 13. Bxh6 gxh6 14. Ke3
Bg7 15. Nd2 O-O 16. b4 f6 17. b5 Nxd4 18. Kxd4 fxe5+ 19. Kd3 e4+ 20. Ncxe4
dxe4+ 21. Nxe4 Bxa1 22. Rxa1 b6 23. a4 Rac8 24. a5 Rfd8+ 25. Ke3 bxa5 26. Rxa5
Rc7 27. Ra6 Kf7 28. b6 axb6 29. Rxb6 Ke7 30. f3 Rc2 31. g4 Rxh2 32. Nc5 Rc2 33.
Rxe6+ Kf7 34. Re5 Re8 35. Rxe8 Kxe8 36. Ne4 Kf7 37. f4 Ra2 1/2-1/2

[Event "FSV-ch 2015"]
[Site "Dortmund"]
[Date "2015.05.21"]
[Round "7.2"]
[White "Zelt, Jens"]
[Black "Lauche, Christoph"]
[Result "1/2-1/2"]
[WhiteElo "1999"]
[BlackElo "1913"]
[PlyCount "37"]
[EventDate "2015.??.??"]
[WhiteTeam "HNS"]
[BlackTeam "FSV"]

1. e4 d6 2. d3 e5 3. g3 g6 4. Bg2 Bg7 5. Ne2 Ne7 6. O-O O-O 7. Nbc3 Nbc6 8. h3
f5 9. Bd2 Be6 10. Qc1 Qd7 11. h4 fxe4 12. dxe4 Bh3 13. Bg5 Bxg2 14. Kxg2 Nd4
15. Bxe7 Nxe2 16. Nxe2 Qxe7 17. Qd2 Kh8 18. b3 c6 19. c4 1/2-1/2

[Event "FSV-ch 2015"]
[Site "Dortmund"]
[Date "2015.05.21"]
[Round "7.3"]
[White "Bommert, Christian"]
[Black "Grube, Jörg"]
[Result "0-1"]
[WhiteElo "1746"]
[BlackElo "1896"]
[PlyCount "66"]
[EventDate "2015.??.??"]
[WhiteTeam "FSV"]
[BlackTeam "FSV"]

1. e4 e5 2. Nf3 Nc6 3. c3 d5 4. exd5 Qxd5 5. c4 Qe4+ 6. Be2 Bg4 7. Nc3 Qg6 8.
h3 Bxf3 9. Bxf3 Nd4 10. Be4 f5 11. Bxb7 Rb8 12. Qa4+ c6 13. Qxa7 Bd6 14. O-O
Ne7 15. c5 Bc7 16. Ba6 Kd8 17. Bc4 f4 18. f3 Kd7 19. Qa4 Nc2 20. Ne4 Nxa1 21.
Qd1 Nf5 22. d4 exd4 23. Rf2 Rhd8 24. Bd2 Rxb2 25. Qxa1 Rb7 26. Re2 Rdb8 27. Bd3
Re8 28. Bc4 Be5 29. Qc1 Ne3 30. Bxe3 fxe3 31. Qd1 Reb8 32. Bb3 Qh6 33. Qe1 Qf4
0-1

[Event "FSV-ch 2015"]
[Site "Dortmund"]
[Date "2015.05.15"]
[Round "7.4"]
[White "Boeck, Matthias"]
[Black "Jost, Udo"]
[Result "0-1"]
[WhiteElo "1633"]
[BlackElo "1904"]
[Annotator "Schulenburg,Pit"]
[PlyCount "56"]
[EventDate "2015.??.??"]
[WhiteTeam "FSV"]
[BlackTeam "FSV"]

1. f4 c5 2. Nf3 Nf6 3. g3 d5 4. Bg2 d4 5. O-O Nc6 6. d3 Nd5 7. h3 e6 8. c3 Bd6
9. Qe1 Bd7 10. e4 dxe3 11. Bxe3 Nce7 12. Bd2 O-O 13. Na3 Bc7 14. Nc4 f6 15. Nh4
Re8 16. g4 b5 17. Na3 Qb8 18. Qc1 Qb6 19. c4 Nb4 20. Nxb5 Bxb5 21. Bxa8 Rxa8
22. cxb5 Nxd3 23. Qc4 Nxb2 24. Qc3 c4+ 25. Be3 Nd5 26. Qxb2 Qxe3+ 27. Qf2 Qxh3
28. Qh2 Qxg4+ {und Weiß überschritt die Zeit.} 0-1

[Event "FSV-ch 2015"]
[Site "Dortmund"]
[Date "2015.05.21"]
[Round "7.5"]
[White "Melmer, Felix"]
[Black "Hillebrand, Carsten"]
[Result "1/2-1/2"]
[WhiteElo "1903"]
[BlackElo "1858"]
[Annotator "Schulenburg,Pit"]
[PlyCount "95"]
[EventDate "2015.??.??"]
[WhiteTeam "61117"]
[BlackTeam "FSV"]

1. f4 g6 2. Nf3 c5 3. g3 Bg7 4. Bg2 Nc6 5. O-O d5 6. d3 e6 7. c3 Nge7 8. Na3
Rb8 9. e4 O-O 10. e5 b5 11. Be3 b4 12. cxb4 cxb4 13. Nc2 Qa5 14. Ncd4 Nxd4 15.
Nxd4 Bd7 16. Nb3 Qa4 17. Bc5 Rfe8 18. Bd6 Rbc8 19. a3 Nf5 20. axb4 Qc6 21. Bc5
Bf8 22. Qd2 Rb8 23. Rxa7 Bc8 24. Ra3 h5 25. Rc1 Qb7 26. d4 Bxc5 27. bxc5 Qb4
28. Qc3 Ba6 29. Bf1 Bxf1 30. Kxf1 Qc4+ 31. Ke1 Rb4 32. Rd1 Ne7 33. Qxc4 dxc4
34. Nd2 Rd8 35. Nf3 Rxb2 36. Rc1 Rb3 37. Rxb3 cxb3 38. Rb1 Rb8 39. Nd2 b2 40.
Nc4 Rb4 41. Nxb2 Nc6 42. Kd2 Nxd4 43. Kc3 Nc6 44. Rd1 Rb5 45. Nd3 Rb8 46. Rd2
Kf8 47. Rb2 Rc8 48. Rb5 {(=)} 1/2-1/2

[Event "FSV-ch 2015"]
[Site "Dortmund"]
[Date "2015.05.21"]
[Round "7.6"]
[White "Begna, Bozidar"]
[Black "Zabel, Reinhard"]
[Result "1-0"]
[WhiteElo "1903"]
[BlackElo "1510"]
[PlyCount "41"]
[EventDate "2015.??.??"]
[WhiteTeam "HNS"]
[BlackTeam "DBB"]

1. e4 e5 2. Nf3 Nf6 3. Nxe5 d6 4. Nf3 Nxe4 5. Qe2 Qe7 6. d3 Nf6 7. Bg5 Qxe2+ 8.
Bxe2 Be7 9. Nc3 a6 10. O-O-O Nc6 11. Rhe1 Be6 12. d4 d5 13. Ne5 Nxe5 14. dxe5
Nd7 15. Bxe7 Kxe7 16. Nxd5+ Bxd5 17. Rxd5 Nb6 18. Rd4 Rad8 19. Rg4 g6 20. Bf3
c6 21. Rb4 1-0

[Event "FSV-ch 2015"]
[Site "Dortmund"]
[Date "2015.05.21"]
[Round "7.7"]
[White "Schütz, Ralf"]
[Black "Zhang, Jingfu"]
[Result "1-0"]
[WhiteElo "1733"]
[BlackElo "1594"]
[PlyCount "33"]
[EventDate "2015.??.??"]
[WhiteTeam "61515"]
[BlackTeam "HNS"]

1. e4 e5 2. Nf3 Nc6 3. d4 exd4 4. Bc4 Nf6 5. O-O d5 6. exd5 Nxd5 7. Ng5 Be6 8.
Re1 Be7 9. Nxe6 fxe6 10. Rxe6 O-O 11. Qh5 Kh8 12. Qxd5 Bd6 13. Bg5 Qd7 14. Nd2
h6 15. Bxh6 Qf7 16. Bxg7+ Kh7 17. Rh6+ 1-0

[Event "FSV-ch 2015"]
[Site "Dortmund"]
[Date "2015.05.21"]
[Round "7.8"]
[White "Rauschenbusch, Udo"]
[Black "Vogt, Christian"]
[Result "1/2-1/2"]
[WhiteElo "1646"]
[BlackElo "1471"]
[PlyCount "37"]
[EventDate "2015.??.??"]
[WhiteTeam "FSV"]
[BlackTeam "HNS"]

1. f4 f5 2. Nf3 Nf6 3. b3 g6 4. Bb2 Bg7 5. e3 O-O 6. Be2 d6 7. O-O Nbd7 8. c4
Qe8 9. Nc3 c6 10. d3 e5 11. fxe5 dxe5 12. Qd2 Bh6 13. Rae1 Qe7 14. Bc1 Nb6 15.
Qc2 Bd7 16. a3 Rae8 17. Kh1 Bc8 18. b4 Kh8 19. Bd2 1/2-1/2

[Event "FSV-ch 2015"]
[Site "Dortmund"]
[Date "2015.05.21"]
[Round "7.9"]
[White "Jentzsch, Werner W"]
[Black "Dieckmann, Rudolf"]
[Result "0-1"]
[WhiteElo "1324"]
[BlackElo "1621"]
[PlyCount "72"]
[EventDate "2015.??.??"]
[WhiteTeam "BRK"]
[BlackTeam "FSV"]

1. d4 d5 2. Nc3 e6 3. Bf4 a6 4. Nf3 Nf6 5. e3 c5 6. Be2 c4 7. O-O Nc6 8. b3 b5
9. a4 b4 10. Na2 c3 11. Nc1 Ne4 12. Nd3 g5 13. Nfe5 Nxe5 14. Bxe5 f6 15. Bh5+
Kd7 16. Bg3 Bd6 17. Bxd6 Kxd6 18. Nxb4 a5 19. Nd3 Ba6 20. Be2 Nd2 21. Re1 Bxd3
22. Bxd3 h5 23. Qc1 Ke7 24. Qa3+ Qd6 25. Qxd6+ Kxd6 26. f4 g4 27. Bg6 h4 28. e4
h3 29. e5+ Ke7 30. Re3 Rac8 31. exf6+ Kxf6 32. Bd3 hxg2 33. Kxg2 Nf3 34. Kg3
Nxd4 35. Rae1 Rcg8 36. Bf1 Nf5+ 0-1

[Event "FSV-ch 2015"]
[Site "Dortmund"]
[Date "2015.05.21"]
[Round "7.11"]
[White "Reker, Gerhard"]
[Black "Tautz, Eugen"]
[Result "0-1"]
[WhiteElo "848"]
[BlackElo "1415"]
[PlyCount "44"]
[EventDate "2015.??.??"]
[WhiteTeam "FSV"]
[BlackTeam "FSV"]

1. e4 c5 2. Nf3 Nc6 3. Bc4 e6 4. O-O Nf6 5. Re1 d5 6. exd5 Nxd5 7. d3 Be7 8.
Bxd5 Qxd5 9. Nc3 Qd8 10. Be3 b6 11. Qd2 O-O 12. Rad1 Bb7 13. d4 cxd4 14. Nxd4
Qc7 15. Bf4 Qc8 16. Re3 Rd8 17. Rd3 Nb4 18. Rg3 Bf6 19. Bg5 Rxd4 20. Qe2 Rxd1+
21. Qxd1 Bxg5 22. Rxg5 Qd8 0-1

[Event "FSV-ch 2015"]
[Site "Dortmund"]
[Date "2015.05.21"]
[Round "7.12"]
[White "Maffei, Hendrik"]
[Black "Winkler, Harald"]
[Result "0-1"]
[WhiteElo "1247"]
[BlackElo "1202"]
[PlyCount "64"]
[EventDate "2015.??.??"]
[WhiteTeam "FSV"]
[BlackTeam "FSV"]

1. Nf3 Nf6 2. d4 g6 3. Nc3 Bg7 4. e4 d6 5. Be3 O-O 6. h3 Nbd7 7. Bc4 e5 8. Ng5
d5 9. Bb3 h6 10. Nf3 exd4 11. Bxd4 dxe4 12. Nh4 Kh7 13. Qe2 c5 14. Be3 a6 15.
O-O-O Qc7 16. g3 b5 17. Bd5 Nxd5 18. Nxd5 Qc6 19. f4 exf3 20. Nxf3 Bb7 21. Rhf1
Rad8 22. h4 Nf6 23. Ne5 Qe6 24. Nxf6+ Bxf6 25. Ng4 Bg7 26. h5 Qxa2 27. hxg6+
fxg6 28. c3 Qa1+ 29. Kc2 Be4+ 30. Rd3 Qa4+ 31. Kc1 Rxf1+ 32. Qxf1 Qa1+ 0-1

[Event "FSV-ch 2015"]
[Site "Dortmund"]
[Date "2015.05.21"]
[Round "7.13"]
[White "Lüpke, Helmut"]
[Black "Pauli, Helmut"]
[Result "1-0"]
[WhiteElo "1434"]
[BlackElo "1203"]
[PlyCount "53"]
[EventDate "2015.??.??"]
[WhiteTeam "EWA"]
[BlackTeam "FSV"]

1. c4 Nf6 2. g3 e6 3. Bg2 d5 4. Nf3 c6 5. d4 Nbd7 6. Nc3 Bb4 7. O-O O-O 8. Qc2
Bxc3 9. Qxc3 Qc7 10. Bf4 Qd8 11. c5 Re8 12. b4 h6 13. a4 Nf8 14. Ne5 Ng6 15.
Nxg6 fxg6 16. Qd3 Kf7 17. Be5 Nd7 18. f4 Nf8 19. a5 Kg8 20. b5 Bd7 21. b6 g5
22. Qf3 gxf4 23. Qxf4 Qg5 24. Qf7+ Kh7 25. h4 Qg6 26. bxa7 Qxf7 27. Rxf7 1-0

[Event "FSV-ch 2015"]
[Site "Dortmund"]
[Date "2015.05.21"]
[Round "7.14"]
[White "Wangrin, Stefan A"]
[Black "Schlettig, Achim"]
[Result "1-0"]
[WhiteElo "1160"]
[BlackElo "1202"]
[PlyCount "59"]
[EventDate "2015.??.??"]
[WhiteTeam "FSV"]
[BlackTeam "FSV"]

1. e4 e5 2. Nf3 Nc6 3. c3 d6 4. h3 Nf6 5. Qc2 Be7 6. d4 exd4 7. Nxd4 Bd7 8. Bd3
Ne5 9. Nd2 Nxd3+ 10. Qxd3 c5 11. Nb5 Qb6 12. c4 a6 13. Nc3 O-O 14. Nd5 Nxd5 15.
cxd5 f5 16. Nc4 Qb5 17. a4 fxe4 18. Qc2 Rxf2 19. Kxf2 Rf8+ 20. Kg3 Bh4+ 21.
Kxh4 Rf2 22. axb5 Rxc2 23. bxa6 h6 24. a7 g5+ 25. Kg3 h5 26. a8=Q+ Kg7 27. Rf1
h4+ 28. Kh2 Rxg2+ 29. Kxg2 Bxh3+ 30. Kxh3 1-0

[Event "FSV-ch 2015"]
[Site "Dortmund"]
[Date "2015.05.21"]
[Round "7.15"]
[White "Wenzel, Jakoba"]
[Black "Heinz, Hans-Werner"]
[Result "0-1"]
[WhiteElo "1176"]
[BlackElo "1193"]
[PlyCount "82"]
[EventDate "2015.??.??"]
[WhiteTeam "FSV"]
[BlackTeam "61722"]

1. Nf3 d5 2. d3 Nc6 3. Nbd2 e5 4. e4 d4 5. a3 b5 6. c4 a6 7. b4 Nf6 8. g3 Be7
9. Bg2 h6 10. O-O O-O 11. Nh4 Bg4 12. Nhf3 Qd7 13. Nb3 Qe6 14. Qc2 Nh7 15. cxb5
axb5 16. Nc5 Bxc5 17. Qxc5 Rab8 18. a4 Qd6 19. a5 Qxc5 20. bxc5 b4 21. a6 Ra8
22. Nd2 Rfb8 23. Nc4 Bc8 24. f4 Bxa6 25. Nxe5 Nxe5 26. fxe5 Bxd3 27. Rxa8 Rxa8
28. Rd1 Ra1 29. Rxd3 Rxc1+ 30. Bf1 Ng5 31. h4 Nxe4 32. Kg2 Rc2+ 33. Kg1 Rc1 34.
Kg2 Rc2+ 35. Kf3 Nxc5 36. Rxd4 Rc3+ 37. Kf2 b3 38. Rd8+ Kh7 39. Rb8 Rc2+ 40.
Be2 b2 41. Rb3 Nxb3 0-1

[Event "FSV-ch 2015"]
[Site "Dortmund"]
[Date "2015.05.21"]
[Round "7.16"]
[White "Link, Werner"]
[Black "Wickenfeld, Udo"]
[Result "1/2-1/2"]
[WhiteElo "1482"]
[BlackElo "1393"]
[Annotator "Schulenburg,Pit"]
[PlyCount "76"]
[EventDate "2015.??.??"]
[WhiteTeam "FSV"]
[BlackTeam "61701"]

1. d4 Nf6 2. c4 g6 3. Nc3 Bg7 4. Nf3 d6 5. g3 O-O 6. Bg2 Nc6 7. e3 e5 8. O-O e4
9. Nd2 Bg4 10. Qb3 Na5 11. Qa4 b6 12. Ndxe4 Bd7 13. Nxf6+ Bxf6 14. Qc2 Rb8 15.
b4 Nc6 16. Rb1 Qc8 17. a3 Bh3 18. Bb2 Bxg2 19. Kxg2 Ne7 20. Ne4 Bg7 21. d5 Nf5
22. Bxg7 Kxg7 23. Qc3+ f6 24. Ng5 Re8 25. Ne6+ Kf7 26. e4 Ng7 27. Nxg7 Kxg7 28.
Rbe1 Kf7 29. f4 Re7 30. f5 g5 31. Qf3 Qe8 32. Qh5+ Kg7 33. Qg4 h5 34. Qf3 Qh8
35. Re2 Re5 36. g4 h4 37. h3 Qe8 {(=)} 38. b5 Ra8 1/2-1/2

[Event "FSV-ch 2015"]
[Site "Dortmund"]
[Date "2015.05.28"]
[Round "8.2"]
[White "Melmer, Felix"]
[Black "Grube, Jörg"]
[Result "0-1"]
[WhiteElo "1874"]
[BlackElo "1840"]
[PlyCount "30"]
[EventDate "2015.??.??"]
[WhiteTeam "61117"]
[BlackTeam "FSV"]

1. g3 d5 2. f4 Nc6 3. Nf3 h5 4. h3 Qd6 5. d4 Bf5 6. Rg1 Qd7 7. Rh1 Nf6 8. Be3
Ne4 9. Bf2 f6 10. Nh4 Bh7 11. e3 O-O-O 12. Qxh5 e6 13. Qe2 Nb4 14. Na3 Qa4 15.
Kd1 Nd3 0-1

[Event "FSV-ch 2015"]
[Site "Dortmund"]
[Date "2015.05.28"]
[Round "8.3"]
[White "Mokros, Jürgen"]
[Black "Zelt, Jens"]
[Result "0-1"]
[WhiteElo "1555"]
[BlackElo "2003"]
[PlyCount "64"]
[EventDate "2015.??.??"]
[WhiteTeam "FSV"]
[BlackTeam "HNS"]

1. Nf3 d6 2. d4 c6 3. Nc3 Nd7 4. Bf4 Ngf6 5. e3 Nh5 6. Bg3 Nxg3 7. hxg3 Qb6 8.
Rb1 h6 9. Bd3 g6 10. Ne2 Bg7 11. c3 d5 12. Qc2 Nf8 13. Nf4 Bd7 14. O-O Ne6 15.
Nxg6 fxg6 16. Bxg6+ Kd8 17. e4 dxe4 18. Ne5 Bxe5 19. dxe5 Kc7 20. Bxe4 Raf8 21.
Qe2 Rhg8 22. Kh1 Nc5 23. Bc2 Be6 24. b3 Nd7 25. Qe1 Rg5 26. Qd2 Rxe5 27. c4 Bg4
28. Rbe1 Rxe1 29. Qxe1 e5 30. Kg1 Qd4 31. Bd1 h5 32. Bxg4 hxg4 0-1

[Event "FSV-ch 2015"]
[Site "Dortmund"]
[Date "2015.06.15"]
[Round "8.4"]
[White "Lauche, Christoph"]
[Black "Begna, Bozidar"]
[Result "0-1"]
[WhiteElo "1914"]
[BlackElo "1900"]
[PlyCount "54"]
[EventDate "2015.??.??"]
[WhiteTeam "FSV"]
[BlackTeam "HNS"]

1. e4 Nf6 2. e5 Nd5 3. d4 d6 4. c4 Nb6 5. exd6 cxd6 6. Nc3 g6 7. Be3 Bg7 8. Rc1
O-O 9. Nf3 e5 10. dxe5 dxe5 11. Qxd8 Rxd8 12. Nb5 Nc6 13. Nc7 Rb8 14. Bxb6 axb6
15. Nd5 e4 16. Nd2 Bf5 17. b3 Bb2 18. Rc2 Bd4 19. Rc1 Kg7 20. Be2 Ra8 21. a4
Bc5 22. O-O Nb4 23. g4 Nxd5 24. cxd5 Rxd5 25. Nb1 Bd7 26. Bc4 Re5 27. h3 e3 0-1